000 00803nam a2200217Ia 4500
003 GCL
008 140319s9999 xx 000 0 ara d
040 _aGCL /
_cGCL
082 0 4 _a331
_bم هـ
100 1 _aمحمد حلمى مراد
245 1 0 _aهيكل الصناعة الاسرائيلية النظرية والتطبيق المنشاة واستراتيجية التطوير والتنبؤ بالافاق المستقبلية /
_cمحمد حلمى مراد
700 1 _aمحمد عبدالعزيز عجمية
260 _a[S.N] :
_bمنشاة المعارف الاسلامية ،
_c1979
300 _a815 ص
490 _a
650 0 4 _aاسرائيل
650 0 4 _aالتنمية الاقتصادية
650 0 4 _aالصناعة
650 0 4 _aاقتصاديات
942 _2ddc
_cBK
999 _c31015
_d31015